El Ateneo necesita ayuda : (Record no. 193683)
[ view plain ]
| 000 -LEADER | |
|---|---|
| campo de control de longitud fija | 01096nab a2200265 i 4500 |
| 001 - NÚMERO DE CONTROL | |
| campo de control | 193683 |
| 003 - IDENTIFICADOR DE NÚMERO DE CONTROL | |
| campo de control | ES-MaACL |
| 005 - FECHA Y HORA DE LA ÚLTIMA TRANSACCIÓN | |
| campo de control | 20250810063057.0 |
| 007 - CAMPO FIJO DE DESCRIPCIÓN FÍSICA--INFORMACIÓN GENERAL | |
| campo de control de longitud fija | t| |
| 008 - DATOS DE LONGITUD FIJA--INFORMACIÓN GENERAL | |
| campo de control de longitud fija | 240206s1994 sp ||||1| spa d |
| 040 ## - FUENTE DE CATALOGACIÓN | |
| Centro catalogador/agencia de origen | ES-MaACL |
| Lengua de catalogación | spa |
| 100 1# - ENTRADA PRINCIPAL--NOMBRE DE PERSONA | |
| Nombre de persona | Vivas, Ángel |
| Término indicativo de función/relación | Autor |
| 9 (RLIN) | 235050 |
| 245 13 - MENCIÓN DEL TÍTULO | |
| Título | El Ateneo necesita ayuda : |
| Resto del título | 90.000 ejemplares no se pueden utilizar / |
| Mención de responsabilidad, etc. | Ángel Vivas ; fotos, Carmen Benavides |
| 260 ## - PUBLICACIÓN, DISTRIBUCIÓN, ETC. | |
| Lugar de publicación, distribución, etc. | [Madrid] : |
| Nombre del editor, distribuidor, etc. | Época, |
| Fecha de publicación, distribución, etc. | 1994 |
| 300 ## - DESCRIPCIÓN FÍSICA | |
| Extensión | 3 páginas : |
| Otras características físicas | ilustraciones ; |
| Dimensiones | 30 cm |
| 500 ## - NOTA GENERAL | |
| Nota general | Fotocopia del artículo de Ángel Vivas sobre el Ateneo de Madrid y su Biblioteca, publicado en la revista "Época", 10 de enero de 1993, n. 463 |
| 599 ## - NOTA A LAS ILUSTRACIONES | |
| NOTA A LAS ILUSTRACIONES | Con fotografía de María José Albo Álvarez, entonces directora de la Biblioteca del Ateneo de Madrid |
| 600 14 - PUNTO DE ACCESO ADICIONAL DE MATERIA--NOMBRE DE PERSONA | |
| Nombre de persona | Albo Álvarez, María José |
| 9 (RLIN) | 19404 |
| 610 24 - PUNTO DE ACCESO ADICIONAL DE MATERIA--NOMBRE DE ENTIDAD CORPORATIVA | |
| Nombre de entidad corporativa o nombre de jurisdicción como elemento de entrada | Ateneo de Madrid. |
| Unidad subordinada | Biblioteca |
| 9 (RLIN) | 1951 |
| 700 1# - ENTRADA AGREGADA--NOMBRE PERSONAL | |
| Nombre de persona | Benavides, Carmen |
| Títulos y otros términos asociados al nombre | (fotógrafa) |
| Término indicativo de función/relación | Fotógrafo |
| 9 (RLIN) | 235157 |
| 852 4# - LOCALIZACIÓN | |
| Ubicación | ES-MaACL |
| Ubicación en estantería | Depósito folletos |
| Número de control de estantería | 2347-F-47 |
| itemnumber | 201208 |
| 942 ## - ELEMENTOS DE ENTRADA SECUNDARIOS (KOHA) | |
| Fuente del sistema de clasificación o colocación | Clasificación decimal universal |
| Tipo de ítem Koha | Artículo de revista |
| Suprimir en OPAC | No |
| Estatus retirado | Estado de pérdida | Fuente del sistema de clasificación o colocación | Estado de daño | No para préstamo | Colección | Biblioteca de origen | Biblioteca actual | Ubicación en estantería | Fecha de adquisición | Total de préstamos | Signatura topográfica completa | Código de barras | Visto por última vez | Tipo de ítem Koha |
|---|---|---|---|---|---|---|---|---|---|---|---|---|---|---|
| Clasificación decimal universal | Fondo Ateneo de Madrid | Biblioteca del Ateneo de Madrid | Biblioteca del Ateneo de Madrid | Depósito folletos | 06/02/2024 | 2347-F-47 | 101206566 | 06/02/2024 | Artículo de revista |
